Normal view
MARC view
- Ali, Manzoor
Entry Personal Name
001 - CONTROL NUMBER
- control field: 51630
003 - CONTROL NUMBER IDENTIFIER
- control field: NUST
005 - DATE AND TIME OF LATEST TRANSACTION
- control field: 20210314135029.0
008 - FIXED-LENGTH DATA ELEMENTS
- fixed length control field: 210314|| aca||aabn | a|a d
040 ## - CATALOGING SOURCE
- Original cataloging agency: NUST
- Transcribing agency: NUST
100 ## - HEADING--PERSONAL NAME
- Personal name: Ali, Manzoor
670 ## - SOURCE DATA FOUND
- Source citation: Work cat.: (NUST): Rasool, Muhammad Arsalan 51628, Analysis of traffic congestion mitigating measures on mall road rawalpindi (GPO to EME mess intersection) by using PTV VISSIM, 2019.
